000 00535 a2200169 4500
020 _a0387201696
020 _a9780387201696
082 0 4 _a512.723
090 _c213
_d213
100 1 _aRibenboim, Paulo.
245 1 4 _aThe little book of bigger primes /
_cPaulo Ribenboim.
250 _a2nd ed.
260 _a[S.l.] :
_bSpringer,
_c2004.
300 _a373 p. ;
_c24 cm.
942 _aSNS
_cBK
_k512.723 RIB
999 _c28850
_d28850